000
00299nam a22001217a 4500
008
240423b |||||||| |||| 00| 0 eng d
082
_a
QK 71
_b
.H55
100
_a
HILL, BEN
245
_a
BOTANY A TEXTBOOK FOR COLLEGES
250
_a
4th
260
_a
LONDON
_b
MCGREW HILL BOOK COMPANY
_c
1967
942
_c
BK
999
_c
501
_d
501